LEADER 01542nam a2200313 u 4500 001 000000027998 003 CaOOAMICUS 005 20070226111743.0 008 960323s1996 it u000 u ita u 035 $a10726886 040 $aIPA$bita$dPUL(R) 100 1 $aGemmiti, Dante.$0(OLS)http://pul/name/22825 245 13$aLa donna in Origene :$b(con testimonianze dei primi tre secoli) /$cDante Gemmiti ; presentazione di Henri Crouzel. 260 $aNapoli :$bLibreria Editrice Redenzione,$c1996. 300 $a275 p. ;$c24 cm 490 1 $aSaggi, studi, testi / Accademia Angelica Costantiniana di lettere arti e scienze ;$v3 504 $aBibliografia: p. 13-36. 600 04$aOrigenes,$d184-253.$0(OLS)http://pul/subject/2177 650 4$aDonne nel cristianesimo$yEvo antico.$0(OLS)http://pul/subject/9405 650 4$aDonna.$0(OLS)http://pul/subject/7073 710 2 $aAccademia angelica costantiniana di lettere, arti e scienze.$0(OLS)http://pul/name/22826 830 0$aSaggi, studi, testi (Accademia Angelica Costantiniana di lettere, arti e scienze) ;$v3.$0(OLS)http://pul/title/38249 850 $aPUL 852 $aPUL$W1$xSL Religione 1$y3$m25 C 36$j38934$nBK-PRI$b $qStampati$B38934$CPULBib$Z2$F38934 $H $81 941 1 $a8 960 $aOrigene,$d184-253$92177 961 $aINV: 74680 996 $6245$aLa donna in Origene :$b(con testimonianze dei primi tre secoli)$9(OLS)http://pul/title/38248 996 $6260$aNapoli :$bLibreria Editrice Redenzione$9(OLS)http://pul/publisher/59979 LEADER 01918nam a2200337 a 4500 001 000000176856 003 CaOOAMICUS 005 20240523104513.0 008 240523s2010 it u000 u ita r 020 $a978-88-495-5410-6* 032 $aLibriCat 040 $aPUL$bita 082 04$a346.45 110 1 $aItalia.$0(OLS)http://pul/name/1188 245 10$aCodice civile :$bcon costituzione, trattati UE e FUE, leggi complementari e codici di settore / $c[a cura di] Giovanni Perlingieri, Marco Angelone. 250 $aQuinta edizione. 260 $aNapoli :$bEdizioni scientifiche italiane,$c©2024. 300 $aXXXIX, 2965 p. ;$c25 cm$e 500 $aSul frontespizio: Codice in materia di protezione dei dati personali; Codice delle comunicazioni elettroniche; Codice dei beni culturali e del paesaggio; Codice della proprietą industriale; Codice dell'amministrazione digitale; Codice del consumo; Codice delle assicurazioni private; Codice delle pari opportunitą tra uomo e donna; Codice del Terzo settore; Codice della crisi d'impresa e dell'insolvenza. 504 $aInclude riferimenti bibliografici ed indice. 650 4$aDiritto civile$zItalia.$0(OLS)http://pul/subject/3770 700 1 $aAngelone, Marco.$0(OLS)http://pul/name/100960 700 1 $aPerlingieri, Giovanni,$d1976-$0(OLS)http://pul/name/78664 850 $aPUL 852 $aPUL$W1$xSL Diritto e Scienze Sociali 3$y79$m348. 45 COD 15$j200858$qDDC 21$B205815$CPULBib$Z2$F205815 $H176856 $82 941 1 $a9 996 $6020$a978-88-495-5410-6*$9(OLS)http://pul/number/169730 996 $6082$a346.45$9(OLS)http://pul/classification/372 996 $6245$aCodice civile :$bcon costituzione, trattati UE e FUE, leggi complementari e codici di settore / $9(OLS)http://pul/title/218353 996 $6260$aNapoli :$bEdizioni scientifiche italiane$9(OLS)http://pul/publisher/48388